Most Famous Fictional Characters - Statistics

General Stats
  • This quiz has been taken 1,850 times
  • The average score is 36 of 144
Answer Stats
Hint Answer % Correct
Batman
81%
Spider-Man
77%
Superman
77%
X-Men
76%
Marvel
75%
Iron Man
73%
Harry Potter
70%
DC
66%
Hulk
66%
Harry Potter
63%
Captain America
61%
Wolverine
60%
Hermione Granger
59%
Ron Weasley
59%
Thor
58%
Darth Vader
57%
Wonder Woman
57%
Star Wars
55%
Luke Skywalker
54%
Albus Dumbledore
53%
Mickey Mouse
53%
Lord Voldemort
52%
Joker
51%
Donald Duck
50%
. Duck universe
50%
Han Solo
48%
Tolkien universe
48%
Leia Organa
45%
Gandalf
44%
Frodo Baggins
43%
Severus Snape
43%
Minnie Mouse
41%
Goofy
40%
Bilbo Baggins
38%
Yoda
37%
Obi-Wan Kenobi
36%
Chewbacca
35%
R2-D2
35%
Pluto
34%
Aquaman
33%
Draco Malfoy
33%
Rubeus Hagrid
33%
C-3PO
32%
Deadpool
31%
Aragorn
30%
Legolas
30%
Sauron
29%
Daisy Duck
28%
Doctor Strange
28%
Green Lantern
27%
Sheev Palpatine
26%
Thanos
26%
Gollum
25%
Looney Tunes
25%
Gimli
24%
Homer Simpson
24%
Sherlock Holmes
24%
Bart Simpson
23%
Bugs Bunny
23%
Mario
23%
Daffy Duck
22%
Marge Simpson
22%
The Simpsons
22%
Catwoman
21%
Lisa Simpson
21%
Luigi
21%
Indiana Jones
20%
Scrooge McDuck
20%
Sirius Black
20%
Ginny Weasley
19%
Saruman
19%
Maggie Simpson
18%
Princess Peach
17%
Bowser
16%
Dr. John Watson
16%
Harley Quinn
16%
Padmé Amidala
16%
Pikachu
16%
Pippi Longstocking
16%
Pokémon
16%
Pirates of the Caribbean
15%
SpongeBob
15%
SpongeBob SquarePants
15%
Captain Jack Sparrow
14%
Galadriel
14%
Winnie the Pooh
14%
Count Dracula
13%
Dracula
13%
The Little Mermaid
13%
Ariel
12%
Peter Pan
12%
Smaug
12%
Sonic
11%
Sonic the Hedgehog
11%
Dragon Ball
10%
Qui-Gon Jinn
10%
Son Gokū
10%
Arwen
9%
Daredevil
9%
Naruto
9%
Naruto Uzumaki
9%
Green Arrow
8%
Peanuts
8%
Popeye
8%
Snoopy
8%
Godzilla
7%
King Kong
7%
Pinocchio
7%
Hannibal Lecter
6%
Tarzan
6%
Sasuke Uchiha
5%
Hercule Poirot
4%
Poirot series
4%
The Adventures of Tintin
4%
Tintin
4%
Betty Boop
3%
Cthulhu
3%
Lara Croft
3%
Miss Marple
3%
Sakura Haruno
3%
Tomb Raider
3%
Cthulhu Mythos
2%
Morgoth
2%
Conan the Barbarian
1%
Felix the Cat
1%
Tux
1%
Robert Langdon
0%
Robert Langdon series
0%
No matching quizzes found
Score Distribution
Percent of People with Each Score
Percentile by Number Answered
Your Score History
You have not taken this quiz